000 01281nam0a2200313 4500
001 RU\NLR\bibl\1479517
005 20260405070636.0
010 _a978-5-17-042992-9
_bАСТ
010 _a978-5-271-16438-5
_bАстрель
010 _a978-5-226-00250-2
_bВКТ
_95000
021 _aRU
_b2009-108030
_96890
035 _a(NLR Aleph) 001471175
090 _a1644589
_c1644589
100 _a20100302d2010 |||y0rusy50 ca
101 0 _arus
102 _aRU
105 _ay |||||||||
200 1 _a25 грамматических формул по русскому языку для достижениея абсолютной граммотности
_e5-11 классы
_fБ.А. Макарова
210 _aМосква
_cАСТ
_cАстрель
_aВладимир
_cВКТ
_d2010 (печ. 2009)
215 _a94, [1] с.
_d21
606 1 _aРусский язык
_jУчебные издания для средней школы
_91533567
_3RU\NLR\auth\66969347
686 _aШ141.12-922.1[5/11]
700 1 _4070
_8rus
_7ca
_aМакарова
_bБ. А.
_cфилолог
_gБелла Александровна
_3RU\NLR\AUTH\7723993
_97046
801 0 _aRU
_bNLR
_c20100302
_gRCR
801 1 _aRU
_bNLR
_c20100302
942 _cBOOK
980 _aNB